| 000 | 01102cac a2200325 i 4500 | ||
|---|---|---|---|
| 003 | EG-GICUC | ||
| 005 | 20260121101415.0 | ||
| 008 | 920514s1993 enk frb 001 0 eng d | ||
| 020 |
_a0198273746 _qacid-free paper |
||
| 020 |
_a9780198273745 _q(acid-free paper) |
||
| 040 |
_aDLC _cDLC _dDLC _dEG-GICUC _beng _erda |
||
| 050 | 0 | 0 |
_aK258 _b.M37 1993 |
| 082 | 0 | 0 |
_a341.48 _221 |
| 092 | 0 | 4 | _221 |
| 099 | _aLaw 08 1993 | ||
| 100 | 1 |
_aMartin, Rex, _d1935- |
|
| 245 | 1 | 2 |
_aA system of rights / _cRex Martin. |
| 264 |
_aOxford : _bClarendon Press ; _aNew York : _bOxford University Press, _c1993. |
||
| 300 |
_avi, 439 page ; _c24 cm. |
||
| 336 |
_atext _btxt _2rdacontent |
||
| 337 |
_aunmediated _bn _2rdamedia |
||
| 338 |
_avolume _bnc _2rdacarrier |
||
| 504 | _aIncludes bibliographical references (p. [417]-432) and index. | ||
| 650 | 0 | _aPolitical rights. | |
| 650 | 0 | _aNatural law. | |
| 856 | 4 | 2 | _uhttps://fll.law.cu.edu.eg/fulltext/bks/ENGB08-00074.pdf |
| 856 | 4 | 2 |
_3Publisher description _uhttp://www.loc.gov/catdir/enhancements/fy0604/92017833-d.html |
| 905 | _a10 | ||
| 942 |
_2ddc _cBK _e21 _n0 |
||
| 999 |
_c47856 _d47856 |
||